000 00405nam a2200145Ia 4500
008 100122s9999 xx 000 0 und d
082 _b2840
_a823
100 _aभिडे भि गो
245 _aगृह सौख्य
260 _bप्रकाशक शोधणे
_c1924
300 _a80
630 _aगृह सौख्य
730 _aगृह सौख्य
942 _cBOOK
999 _c397117
_d397114